000 00677nam a22002057a 4500
999 _c64184
_d64184
005 20240530110719.0
008 180319s2017 ua g 000 f ara d
017 _a2016/27256
_bمصر. دار الكتب
020 _a9789777951067
040 _aEG-CaGPL
_cEG-CaGPL
082 0 4 _221
_a813.03/
_bر س
100 0 _aرشا سمير
245 1 0 _aسألقاك هناك :
_bرواية /
_cرشا سمير .
260 _aالقاهرة :
_bالدار المصرية اللبنانية ،
_c2017 .
300 _a471 ص. ؛
_c19 سم.
650 0 7 _2qrmak
_aالقصص العربية
651 _2qrmak
942 _2ddc
_cBK